| 000 | 00765nam a22002177a 4500 | ||
|---|---|---|---|
| 999 |
_c17905 _d17905 |
||
| 003 | AR-CdUCM | ||
| 008 | 190510b ||||| |||| 00| 0 spa d | ||
| 040 |
_aMUNICIPALIDAD PROVINCIAL DEL CUSCO _cBIBLIOTECA MUNICIPAL DEL CUSCO |
||
| 082 |
_26ed. _a613.95 / _bM26 |
||
| 100 |
_aMarañón, Gregorio _93567 |
||
| 245 | _aTres ensayos sobre la vida sexual / | ||
| 260 |
_aMéxico, D.F : _bDiana, _c1962. |
||
| 300 |
_a250 páginas ; _c20 cm. |
||
| 505 | _aContenido: Sexo, trabajo y deporte -- Maternidad y feminismo -- Educación sexual y diferenciación sexual ... | ||
| 650 |
_aEducación sexual _96369 |
||
| 650 |
_aHigiene sexual _930215 |
||
| 650 |
_aSexo _92351 |
||
| 700 |
_aPérez de Ayala, Ramón _9157 |
||
| 942 |
_2ddc _cLIBROS |
||
| 945 |
_aacv _d2019-05-10 |
||